000 00328nam a2200133 a 4500
005 20140414093847.0
008 100223s19uu xx 00 eng d
050 _aCDB 951.94
_bE4U 2002
245 _aE4u :
_bEnglish for you.
650 _aInternational Baccalaureate.
650 _aKorean.
942 _cAVM
999 _c109647
_d109647